000 00286nam a2200109Ia 4500
008 190216s9999||||xx |||||||||||||| ||und||
100 _aTata Mcgraw-Hill
245 0 _aCourse In Physics For Iit
260 _bTata Mcgraw Hill Publishing Company Ltd
_c1997
300 _a986p
942 _cREF
999 _c36382
_d36382